01211nam a22002657a 450000500170000000700150001700800410003202000220007303500100009504000090010509000170011410000290013124501330016025600240029326000350031730000280035250602700038065000290065070000270067974000380070685600780074494200080082295200960083099900190092620240305165606.0cr|||| ||| 210518s2021 mx |||||s|||| 00||0 spa d a978-607-629-626-4 a33493 avLex c11718d117181 aPérez Chávez, José10aTaller de prácticas Laborales y de Seguridad Socialh[Recurso electrónico] /cJosé Pérez Chávez, Raymundo Fol Olguín aServicio en línea aMéxico:bTax Editores,c2021 a1 recurso electrónico1 aDisponible solo en los productos indicadosdvLex GlobaldvLex Global (Academic Edition, excluding Law Schools)dvLex Global (U.S. Academic Edition, Law Schools)dvLex Global (U.S. Academic Edition, excluding Law Schools)dvLex Global (Academic Edition, Law Schools)04aDerecho FiscalzMéxico1 aFol Olguín, Raymundo0 avLex Libros (Servicio en línea)40uhttps://vlex.com/source/taller-practicas-laborales-seguridad-social-33493 cRAA 001040708VLEX9327908aBD-UINbBD-UINd2024-03-05l0p33493r2024-03-05w2024-03-05yRAA c169954d169954